Oribes y plateros en la Nueva Granada (Record no. 6732)

MARC details
000 -CABECERA
campo de control de longitud fija 01023nam a2200253 a 4500
001 - NÚMERO DE CONTROL
campo de control BRCA_7051
005 - FECHA Y HORA DE LA ÚLTIMA TRANSACCIÓN
campo de control 20190320205707.0
008 - DATOS DE LONGITUD FIJA--INFORMACIÓN GENERAL
campo de control de longitud fija 011211s2008----sp-a######---#000-0#spa-#
020 ## - NÚMERO INTERNACIONAL ESTÁNDAR DEL LIBRO
Número Internacional Estándar del Libro 9788497734288
041 ## - CÓDIGO DE LENGUA
Código de lengua del texto/banda sonora o título independiente spa
044 ## - CÓDIGO DEL PAÍS DE LA ENTIDAD EDITORA/PRODUCTORA
Código MARC del país sp
050 #4 - SIGNATURA TOPOGRÁFICA DE LA BIBLIOTECA DEL CONGRESO
Número de clasificación NK7215
Número de documento/Ítem .F35 2008
100 1# - ENTRADA PRINCIPAL--NOMBRE DE PERSONA
Nombre de persona Fajardo de Rueda, Marta
9 (RLIN) 17526
245 10 - MENCIÓN DE TÍTULO
Título Oribes y plateros en la Nueva Granada
Mención de responsabilidad, etc. Marta Fajardo de Rueda.
260 ## - PUBLICACIÓN, DISTRIBUCIÓN, ETC.
Lugar de publicación, distribución, etc. [León], España
Nombre del editor, distribuidor, etc. Universidad de León, Secretariado de Publicaciones
Fecha de publicación, distribución, etc. 2008
300 ## - DESCRIPCIÓN FÍSICA
Extensión 389 p.
Otras características físicas il. (algunas a color), mapas
Dimensiones 30 cm.
500 ## - NOTA GENERAL
Nota general Donación de María Sánchez
500 ## - NOTA GENERAL
Nota general Incluye Diccionario Bibliográfico Documental de Oribes y Plateros activos en el Nuevo Reino de Granada, Siglos XVI, XVII, XVIII y XIX e índice referencial
504 ## - NOTA DE BIBLIOGRAFÍA, ETC.
Nota de bibliografía, etc. Bibliografía: p. 367-376
650 14 - PUNTO DE ACCESO ADICIONAL DE MATERIA--TÉRMINO DE MATERIA
Término de materia o nombre geográfico como elemento de entrada Orfebrería
Subdivisión general Historia
Subdivisión cronológica Siglo XV-XIX
Subdivisión geográfica Colombia
9 (RLIN) 17527
650 14 - PUNTO DE ACCESO ADICIONAL DE MATERIA--TÉRMINO DE MATERIA
Término de materia o nombre geográfico como elemento de entrada Orfebres
Subdivisión general Historia
Subdivisión cronológica Siglo XV-XIX
9 (RLIN) 17528
710 2# - PUNTO DE ACCESO ADICIONAL--NOMBRE DE ENTIDAD CORPORATIVA
Nombre de entidad corporativa o nombre de jurisdicción como elemento de entrada Universidad de León. Secretariado de Publicaciones.
9 (RLIN) 17529
942 ## - ELEMENTOS DE PUNTO DE ACCESO ADICIONAL (KOHA)
Fuente del sistema de clasificación o colocación Library of Congress Classification
Tipo de ítem Koha Libros
Holdings
Estado de retiro Estado de pérdida Estado dañado No para préstamo Localización permanente Ubicación/localización actual Fecha de adquisición Total de préstamos Signatura topográfica completa Código de barras Fecha visto por última vez Precio válido a partir de Tipo de ítem Koha
El ejemplar forma parte de la colección y puede ser consultado según las políticas vigentes.       Biblioteca del Museo Franz Mayer (Rogerio Casas-Alatriste) Biblioteca del Museo Franz Mayer (Rogerio Casas-Alatriste) 01/12/2011   NK7215 .F35 2008 02687 22/03/2019 22/03/2019 Libros